Τα εν διασπορά Γ' της δεκαετίας (1979-1989) : τόμος τιμητικός για τα ογδοντάχρονά του

Αποθηκεύτηκε σε:
Λεπτομέρειες βιβλιογραφικής εγγραφής
Κύριος συγγραφέας: Χατζηιωάννου, Κυριάκος, 1909-1997
Μορφή: Βιβλίο
Γλώσσα:Greek
Δημοσίευση: Λευκωσία : [χ.ό.], 1989
Θέματα:
Ετικέτες: Προσθήκη ετικέτας
Δεν υπάρχουν, Καταχωρήστε ετικέτα πρώτοι!

MARC

LEADER 00000nam a2200000 i 4500
001 1/75161
008 961212s1989 gre d
035 |a 1992  |b 3  |c Δωρεά  |l 10032050 
040 |a GR-MY-UA  |b gre  |e aacr 
041 0 |a gre 
082 0 |a 889.01 
100 1 |a Χατζηιωάννου, Κυριάκος,   |d 1909-1997. 
245 1 3 |a Τα εν διασπορά Γ' της δεκαετίας (1979-1989) :  |b τόμος τιμητικός για τα ογδοντάχρονά του /  |c Κυριάκου Χατζηϊωάννου 
260 |a Λευκωσία :   |b [χ.ό.],   |c 1989 
300 |a 298 σ. 
650 0 0 |a Cyprian literature  |x Collections. 
650 0 0 |a Litterateurs  |z Cyprus  |x History and criticism. 
852 |a INST  |b RHODES  |e 19961212  |h 889.01 ΧΑΤ  |p 005400000254  |q 005400000254  |t BK  |y 0 
909 |a Ρ  |b 022299  |c 1992 
970 |z 2000/06/ΟΙΚΟΝΟΜΟΠΟΥΛΟΥ (SUBJECT)